000
00286nam a22001337a 4500
008
170609b xxu||||| |||| 00| 0 eng d
020
_a
0471209260
041
_a
eng
080
_a
32
100
_a
19
101
_a
SHP
245
_a
SOCIALISM TO POLITICS
_c
DENIS.J
942
_2
udc
_c
BK
999
_c
16636
_d
16636